Joueurs néerlandais sélectionnés à l'Euro 2024 - Statistiques

Statistiques générales
  • Ce quiz a été pris 29 fois
  • Le résultat moyen est 16 sur 27
Statistiques - réponses
Poste Club Numéro Joueur % Correct
Défenseur Tottenham (Angleterre) 15 Micky van de Ven
92%
Défenseur Liverpool (Angleterre) 4 Virgil van Dijk
92%
Attaquant Liverpool (Angleterre) 11 Cody Gakpo
88%
Défenseur Inter Milan (Italie) 22 Denzel Dumfries
88%
Défenseur Bayern Munich (Allemagne) 3 Matthijs de Ligt
88%
Défenseur Manchester City (Angleterre) 5 Nathan Aké
88%
Attaquant Atletico Madrid (Espagne) 10 Memphis Depay
85%
Milieu de terrain RB Leipzig (Allemagne) 7 Xavi Simons
85%
Milieu de terrain Al-Ettifaq FC (Arabie Saoudite) 8 Georginio Wijnaldum
81%
Défenseur Inter Milan (Italie) 6 Stefan de Vrij
81%
Défenseur Girona (Espagne) 17 Daley Blind
73%
Milieu de terrain AC Milan (Italie) 14 Tijjani Reijnders
73%
Milieu de terrain Liverpool (Angleterre) 26 Ryan Gravenberch
69%
Attaquant Borussia Dortmund (Allemagne) 18 Donyell Malen
65%
Attaquant Bayer Leverkusen (Allemagne) Jeremie Frimpong
58%
Sélectionneur - - Ronald Koeman
54%
Gardien Brighton FC (Angleterre) 1 Bart Verbruggen
50%
Attaquant Ajax Amsterdam (Pays-Bas) 19 Brian Brobbey
50%
Milieu de terrain Borussia Dortmund (Allemagne) 20 Ian Maatsen
42%
Gardien Brentford (Angleterre) 23 Mark Flekken
42%
Attaquant Bologne FC (Italie) 21 Joshua Zirkzee
35%
Défenseur Feyenoord Rotterdam (Pays-Bas) 2 Lutsharel Geertruida
35%
Milieu de terrain PSV Eindhoven (Pays-Bas) 24 Jerdy Schouten
31%
Attaquant Ajax Amsterdam (Pays-Bas) 25 Steven Bergwijn
27%
Milieu de terrain PSV Eindhoven (Pays-Bas) 16 Joey Veerman
23%
Gardien Feyenoord Rotterdam (Pays-Bas) 13 Justin Bijlow
23%
Attaquant TSG 1899 Hoffenheim (Allemagne) 9 Wout Werghorst
0%
Aucun quiz correspondant
Distribution des résultats
% des personnes avec chaque résultat
Percentile par nombre de réponses
Votre historique - résultats
Vous n’avez pas pris ce quiz